LEADER 07111nam 22006015 450 001 9910155414103321 005 20190708092533.0 010 $a3-11-092931-7 024 7 $a10.1515/9783110929317 035 $a(CKB)3360000000513746 035 $a(MiAaPQ)EBC4768885 035 $a(DE-B1597)46592 035 $a(OCoLC)1002254489 035 $a(OCoLC)1004874379 035 $a(OCoLC)1011461734 035 $a(OCoLC)1013942118 035 $a(OCoLC)979907602 035 $a(OCoLC)999360534 035 $a(DE-B1597)9783110929317 035 $a(Perlego)1137890 035 $a(Au-PeEL)EBL4768885 035 $a(CaPaEBR)ebr11316707 035 $a(CaONFJC)MIL939261 035 $a(OCoLC)953602863 035 $a(EXLCZ)993360000000513746 100 $a20190708d2015 fg 101 0 $aspa 135 $aurcnu|||||||| 181 $2rdacontent 182 $2rdamedia 183 $2rdacarrier 200 00$aActas del XXIII Congreso Internacional de Lingüística y Filología Románica $eSalamanca, 24-30 septiembre 2001. $hVolume III, $iSección 4: Semántica léxica, lexicología y onomástica /$fFernando Sánchez Miret 205 $aReprint 2015 210 1$aTübingen : $cMax Niemeyer Verlag, $d[2015] 210 4$d©2003 215 $a1 online resource (512 pages) $cillustrations, tables 225 0 $aActas del XXIII Congreso Internacional de Lingüística y Filología Románica ;$vVolume III 311 08$a3-484-50397-1 320 $aIncludes bibliographical references at the end of each chapters. 327 $tFrontmatter -- $tPresentatión -- $tContenido -- $tÀ propos de la polysémie de la locution plus ou moins / $rAbé, Hiroshi -- $tLos andalucismos en el tomo 2° del Diccionario Histórico / $rViguera, Manuel Ariza / Cornejo, Rosalía García -- $tAs designa?ões do Fósforo em português e em outras línguas: questões etimológicas e de motivação / $rAugusto, Maria Celeste -- $tEl concepto de unidad verbal fraseológica / $rEscrivá, María Bargalló -- $tLes néologismes religieux dans la traduction de La Cité de Dieu par Raoul de Presles ou comment christianiser le lexique latin / $rBertrand, Olivier -- $tEl léxico erótico del Lapidario alfonsí / $rCarrasco, Inés -- $tLa formatión de palabras en el parlache / $rNaranjo, Luz Stella Castañeda -- $tProcesos de lexicalización con sufijos diminutivos en los nombres de plantas / $rNadal, Gloria Clavería -- $tLos términos griegos del Diccionario español de textos médicos antiguos (DETEMA) / $rGabaudan, Francisco Cortés / Juan, Anastasio Kanaris de -- $tAdaptatión semántica de algunos galicismos en castellano y en Catalán / $rCurell, Clara -- $tLa datation sémiotique et le problème de la distanciation diachronique / $rSurmont, Jean-Nicolas De -- $tInfluenza limbii franceze reflectat? în opera primilor dramaturgi români (prima jum?tate a sec. al XIX-lea) / $rFelecan, Daiana -- $tSacru ?i profan în structura semantic? a unor termeni religio?i din limba român? / $rFelecan, Nicolae -- $tDifférences et convergences dans le langage religieux roumain / $rFelecan, Oliviu -- $tLa sensibilidad lingüística de María Moliner: enunciatión y subjetividad en el Diccionario de Uso del Español / $rBerdet, Esther Forgas -- $tII tempo sale, ? scende? / $rFranceschi, Temistocle -- $tLa terminologia del corpo nel dialetto istroromeno / $rFr??il?, Vasile -- $tAu sujet des convergences lexicales dans les langues romanes / $rGeckeler, Horst -- $tLe mot frate dans l'onomastique roumaine / $rGoicu, Simona -- $tLe nom de l'empereur Traian dans l'onomastique roumaine / $rGoicu, Viorica -- $tCreatión léxica en torno a la «Nueva Economía» / $rEnterría, Josefa Gómez de -- $tL'évolution du langage du marketing en France. Une étude linguistique de corpus / $rHänchen, Regina -- $tLa toponimia en la conquista de Antioquia entre 1508 y 1583 / $rSalazar, José Ignacio Henao -- $tEl campo semántico y su representatión en los diccionarios españoles / $rHerwartz, Rachel -- $tLas categorizaciones de las lenguas, del lenguaje y de los discursos - teoría y ejemplos iberorrománicos / $rKabatek, Johannes -- $t¿Hay más arabismos en español ? en portugués? / $rKiesler, Reinhard -- $tBase lemmatisée d'ancien français: étapes et produits dérivés / $rKunstmann, Pierre -- $tMatrici semantiche latino-romanze attraverso il Lessico Inverso della lingua albanese contemporanea / $rLandi, Addolorata -- $tArabismos léxicos en textos de ordenanzas andaluzas / $rMora, Pilar López -- $tEl Diccionario de la Técnica del Renacimiento Español: presentatión de un proyecto / $rMancho, ?ª Jesús -- $tAntroponimia catalana en el antiguo reino de Sevilla / $rAbreu, Josefa Mª Mendoza / Plaja, Mª Teresa Palet -- $tUna aproximación cuantitativa al léxico del español escrito en SOL - Spanish Online / $rMighetto, David -- $tGarcia d'Orta e ? seu tempo: ? léxico dos Coloquios / $rMurakawa, Clotilde de Almeida Azevedo -- $t¿Caída de ?- inicial en lat. P?TEUM por fonética vasca? / $rNitta, Masu -- $tCorrélation sémantique des doublets étymologiques dans la langue française du XlVe au XXe siècle / $rOzolina, Olga -- $tEl argumenta fonético como justificatión de los préstamos: los catalanismos en el español estándar / $rSabater, Marta Prat -- $tL'occidentalisation du roumain à travers l'allemand / $rSitaru, Maria Purdela -- $tLa terminología cambiaria castellana en la primera mitad del siglo XVI / $rRainer, Franz -- $tCriterios para un diccionario unidireccional activo gallego-italiano / $rBande, María Teresa Sanmarco -- $tLa fraseología especializada en la lexicografia bilingüe español-catalán / $rPérez, María Isabel Santamaria -- $tEstructuración léxica a diferentes niveles de especialidad: el ejemplo del lenguaje economico / $rSchnitzer, Johannes -- $tLe «parler familier», un modèle français? / $rSchön, Jackie -- $tLa structure sémantique de dans les langues romanes / $rSilva, Augusto Soares da -- $tExtensión semántica y frecuencia de uso en el castellano de Cataluña / $rSinner, Carsten -- $tAspect sémantique d'helvétismes phraséologiques de la langue française / $rSokolova, Georgina -- $tRacines psychomécaniques de la polysémie lexicale: recherches d'une méthode / $rTabatchnik, Moché -- $tLangues en contact en Gascogne médiévale / $rTrotter, David -- $tAcerca de la configuratión subatómica del cuadro predicativo semémico nuclear de verbos / $rWotjak, Gerd 330 $aNo detailed description available for "Sección 4: Semántica léxica, lexicología y onomástica". 606 $aLinguistics$vCongresses 606 $aRomance philology$vCongresses 615 0$aLinguistics 615 0$aRomance philology 676 $a410 702 $aSánchez Miret$b Fernando, 801 0$bDE-B1597 801 1$bDE-B1597 906 $aBOOK 912 $a9910155414103321 996 $aActas del XXIII Congreso Internacional de Lingüística y Filología Románica$92589101 997 $aUNINA